| 000 -CABECERA |
| Longitud fija campo de control |
00827nam a22001817a 4500 |
| 003 - IDENTIFICADOR DEL NÚMERO DE CONTROL |
| Identificador del número de control |
OSt |
| 005 - FECHA Y HORA DE LA ÚLTIMA TRANSACCIÓN |
| Fecha y hora de la última transacción |
20131213174201.0 |
| 008 - CÓDIGOS DE INFORMACIÓN DE LONGITUD FIJA |
| Códigos de información de longitud fija |
130620s1999 sp ||||| |||| 00| 0 spa d |
| 040 ## - FUENTE DE LA CATALOGACIÓN |
| Centro transcriptor |
CDMR |
| 245 ## - MENCIÓN DE TÍTULO |
| Título |
Actas de las sesiones preparatorias celebradas por la Comisión Ejecutiva y de la Junta General Constituyente |
| Resto del título |
: [Madrid 1895 (4 febrero- 6 junio)] |
| 260 ## - PUBLICACIÓN, DISTRIBUCIÓN, ETC. (PIE DE IMPRENTA) |
| Lugar de publicación, distribución, etc. |
Madrid |
| Nombre del editor, distribuidor, etc. |
Asociación de la Prensa de Madrid |
| Fecha de publicación, distribución, etc. |
1999 |
| 300 ## - DESCRIPCIÓN FÍSICA |
| Extensión |
77 p. |
| 500 ## - NOTA GENERAL |
| Nota general |
Conté la reproducció facsímil de les Actes de les primeres reunions, celebrades a Madrid entre el 4 de febrer i el 6 de juny de 1895, que van donar lloc a l'actual associació. |
| 610 2# - PUNTO DE ACCESO ADICIONAL DE MATERIA - NOMBRE DE ENTIDAD CORPORATIVA |
| 9 (RLIN) |
87 |
| Nombre de entidad corporativa o nombre de jurisdicción como elemento inicial |
Asociación de la Prensa de Madrid |
| 650 04 - PUNTO DE ACCESO ADICIONAL DE MATERIA - TÉRMINO DE MATERIA |
| 9 (RLIN) |
216 |
| Término de materia o nombre geográfico como elemento inicial |
Associacions de professionals i tècnics |
| Subdivisión de materia general |
Història |
| 710 2# - PUNTO DE ACCESO ADICIONAL - NOMBRE DE ENTIDAD |
| 9 (RLIN) |
87 |
| Nombre de entidad o nombre de jurisdicción como elemento inicial |
Asociación de la Prensa de Madrid |
| 942 ## - ENTRADA DE ELEMENTOS AGREGADOS (KOHA) |
| Fuente de clasificaión o esquema |
|
| Koha [por defecto] tipo de item |
Monografies |